A short guide to the League of Arab States. (Record no. 48451)

MARC details
000 -LEADER
fixed length control field 00614cam a22002054a 4500
001 - CONTROL NUMBER
control field ne 65002225
003 - CONTROL NUMBER IDENTIFIER
control field DLC
005 - DATE AND TIME OF LATEST TRANSACTION
control field 20260227111817.0
008 - FIXED-LENGTH DATA ELEMENTS--GENERAL INFORMATION
fixed length control field 750114s1965 ua a i000 0 eng
010 ## - LIBRARY OF CONGRESS CONTROL NUMBER
LC control number ne 65002225
035 ## - SYSTEM CONTROL NUMBER
System control number (OCoLC)1139700
040 ## - CATALOGING SOURCE
Original cataloging agency DLC
Transcribing agency DLC
050 00 - LIBRARY OF CONGRESS CALL NUMBER
Classification number DS36.2
Item number .S526 1965
245 02 - TITLE STATEMENT
Title A short guide to the League of Arab States.
260 ## - PUBLICATION, DISTRIBUTION, ETC.
Place of publication, distribution, etc. [Cairo] :
Name of publisher, distributor, etc. Arab League Press and Information Dept.,
Date of publication, distribution, etc. 1965.
300 ## - PHYSICAL DESCRIPTION
Extent 44 p. :
Other physical details ill. ;
Dimensions 21cm.
500 ## - GENERAL NOTE
General note Cover title.
610 20 - SUBJECT ADDED ENTRY--CORPORATE NAME
Corporate name or jurisdiction name as entry element League of Arab States.
710 2# - ADDED ENTRY--CORPORATE NAME
Corporate name or jurisdiction name as entry element League of Arab States.
Subordinate unit Press and Information Department.

No items available.

Powered by Koha